000
00267nam a2200109Ia 4500
008
190216s9999||||xx |||||||||||||| ||und||
100
_a
Ramanappa M N V
245
0
_a
Out Line Of South Indian History
260
_b
Vikas Publications
650
_a
History
942
_c
BK
999
_c
19440
_d
19440